Statistics for Blog About Random Country Blogs - Countries

Click here to take the quiz!

General Stats

  • This quiz has been taken 8 times
    (2 since last reset)
  • The average score is 4 of 7

Answer Stats

Blog About Random CountryCountry% Correct
#4Myanmar
100%
#6Republic of the Congo
100%
#1Sierra Leone
100%
#2Uzbekistan
50%
#7Bosnia and Herzegovina
0%
#5Brazil
0%
#3Hungary
0%

Score Distribution

Percentile by Number Answered

Percent of People with Each Score

Your Score History

You have not taken this quiz since the last reset